Theorie des Plants D'Experience Application à L'Agronomie
Gespeichert in:
| 1. Verfasser: | |
|---|---|
| Format: | Buch |
| Sprache: | Undetermined |
| Veröffentlicht: |
Service des Etudes Statistiques
1989
|
| Schlagworte: | |
| Tags: |
Tag hinzufügen
Keine Tags, Fügen Sie den ersten Tag hinzu!
|
| Thư viện lưu trữ: | Trung tâm Học liệu Trường Đại học Cần Thơ |
|---|
| LEADER | 00507nam a2200181Ia 4500 | ||
|---|---|---|---|
| 001 | CTU_28129 | ||
| 008 | 210402s9999 xx 000 0 und d | ||
| 082 | |a 631.816 | ||
| 082 | |b P551 | ||
| 100 | |a Philippeau G | ||
| 245 | 0 | |a Theorie des Plants D'Experience | |
| 245 | 0 | |b Application à L'Agronomie | |
| 245 | 0 | |c Philippeau G | |
| 260 | |b Service des Etudes Statistiques | ||
| 260 | |c 1989 | ||
| 650 | |a agriculture | ||
| 904 | |i Sáng, 981007 | ||
| 980 | |a Trung tâm Học liệu Trường Đại học Cần Thơ | ||